000 00415nam a2200169Ia 4500
008 231217s9999 xx 000 0 und d
020 _a8178812002
041 _aEnglish
082 _a658 GOP;1 R
100 _aGopinath, C.
245 0 _aManaging in a globalized world
260 _c2002
_bIcfai
_aHyderabad
300 _axii, 192+A10
400 _aManagement Series
650 _aglobalized
942 _cAA
999 _c187728
_d187728